| 000 | 00422nam a22001697a 4500 | ||
|---|---|---|---|
| 005 | 20230915151650.0 | ||
| 008 | 230908b |||||||| |||| 00| 0 eng d | ||
| 082 |
_a302.072 _bMER-C |
||
| 100 | _aMerrigan,Gerianne | ||
| 245 | _aCommunication Research Methods | ||
| 260 |
_bThomson _c2004 _aUSA |
||
| 300 | _a362 | ||
| 500 | _aInclude Index | ||
| 650 | _aMass Communication | ||
| 700 | _aGerianne Merrigan | ||
| 999 |
_c33490 _d33490 |
||